Learning Teaching : A Guidebook for English Language Teachers /
Guardat en:
| Autor principal: | |
|---|---|
| Altres autors: | |
| Format: | Llibre |
| Idioma: | anglès |
| Publicat: |
Oxford, Inglaterra :
Macmillan : Heinemann,
1996, c1996
|
| Col·lecció: | (The Teacher Development Series)
|
| Matèries: | |
| Etiquetes: |
Sense etiquetes, Sigues el primer a etiquetar aquest registre!
|
MARC
| LEADER | 00000nam^a2200000^a^4500 | ||
|---|---|---|---|
| 001 | 000168881 | ||
| 005 | 20260206000000.0 | ||
| 009 | 20260310101215.544 | ||
| 020 | |a 0-435-24089-7 | ||
| 037 | |a Acervo ITESO - Departamento de Lenguas | ||
| 041 | |a ING | ||
| 082 | |a 425. |b SCR | ||
| 100 | |a Scrivener, Jim |e (autor) | ||
| 245 | 1 | 0 | |a Learning Teaching : |b A Guidebook for English Language Teachers / |c J. Scrivener ; presen. de A. Underhill. |
| 264 | 4 | |a Oxford, Inglaterra : |b Macmillan : |b Heinemann, |c 1996, c1996 | |
| 300 | |a VI, 218 p. | ||
| 336 | |a texto |b txt |2 rdacontenido | ||
| 337 | |a sin mediación |b n |2 rdamedio | ||
| 338 | |a volumen |b nc |2 rdasoporte | ||
| 440 | 5 | |a (The Teacher Development Series) | |
| 649 | |a XX | ||
| 650 | |a Inglés como Lengua Extranjera - |x Estudio y Enseñanza | ||
| 650 | |a Inglés - |x Estudio y Enseñanza | ||
| 650 | |a Guía del Profesor | ||
| 650 | |a Formación y Capacitación de Profesores | ||
| 650 | |a Lenguaje y Lenguas - |x Estudio y Enseñanza | ||
| 650 | |a Lingüística | ||
| 700 | |a Underhill, Adrian |e (presentación) | ||
| 910 | |a Fondo General | ||
| 920 | |a Impresos - Libros | ||
| 905 | |a 150 | ||
| 901 | |a 0500105692 |b IT1 |c DLE |u 20260206 | ||
| 902 | |a https://opac.biblio.iteso.mx/vufind/Record/000168881 | ||